000 00401nam a2200157 i 4500
001 33867
003 ES-MaACL
005 20230906154832.0
007 t|
008 030203s1964 fr ||||1| fre d
100 1 _aBlanzat, Jean.
_929334
245 1 3 _ale faussaire /
_cJean Blanzat.
260 _a[Paris] :
_bGallimard,
_c1964.
300 _a256 p. ;
_c19 cm.
852 _aES-MaACL
_jC-27701
_bR.56040
999 _c33867
_d33867